|
|
|
|
| LEADER |
00770nam a2200205 i 4500 |
| 001 |
misc76208 |
| 005 |
20260317152107.0 |
| 008 |
260313s1939 hu o 000 hun d |
| 040 |
|
|
|a SZTE Miscellanea Repozitórium
|b hun
|
| 041 |
|
|
|a hun
|
| 100 |
1 |
|
|a Csallány Dezső
|
| 245 |
1 |
0 |
|a Kora-avarkori sírleletek = Grabfunde der Frühawarenzeit
|h [elektronikus dokumentum] /
|c Csallány Dezső
|
| 260 |
|
|
|a Somogyi Könyvtár és Városi Múzeum
|b Szeged
|c 1939
|
| 300 |
|
|
|a 64
|c 32 cm
|
| 650 |
|
4 |
|a Bölcsészettudományok
|
| 650 |
|
4 |
|a Történettudomány és régészet
|
| 695 |
|
|
|a Régészet - leletek - Kárpát-medence - avar kor
|
| 700 |
0 |
1 |
|a Apor László
|e aut
|
| 700 |
0 |
1 |
|a Rosztóczy Jenő
|e aut
|
| 856 |
4 |
0 |
|u http://misc.bibl.u-szeged.hu/76208/1/XD_6684.pdf
|z Dokumentum-elérés
|